000 00363nam a22001337a 4500
020 _a81-87718-70-6
082 _a823
_bBAN/C-24
100 _aBANERJEE, KHOSLA
245 _aCLASSIC TALES FOR CHILDREN
_bFIFTEEN WELL-LOVED TALES OF THE WORLD BOOK-24
260 _aNEW DELHI
_bARORA BOOK COMPANY
_c2003
520 _aSHORT STORY
650 _aSHORT STORY
942 _cBK
999 _c3676
_d3676